书目信息 |
| 题名: |
结构力学
|
|
| 作者: | 文国治 主编 | |
| 分册: | ||
| 出版信息: | 重庆 重庆大学出版社 2009.08 |
|
| 页数: | 370页 | |
| 开本: | 28cm | |
| 丛书名: | 应用型本科院校土木工程专业系列教材 | |
| 单 册: | ||
| 中图分类: | O342-43 , O342 | |
| 科图分类: | ||
| 主题词: | 结构力学--jie gou li xue--高等学校--教材 | |
| 电子资源: | ||
| ISBN: | 978-7-5624-4883-9 | |
| 000 | 01056nam 2200277 450 | |
| 001 | 1660464102 | |
| 005 | 20160428164803.78 | |
| 010 | @a978-7-5624-4883-9@dCNY36.00 | |
| 100 | @a20110219d2009 em y0chiy50 ea | |
| 101 | 0 | @achi |
| 102 | @aCN@b500000 | |
| 105 | @aak a 000yy | |
| 200 | 1 | @a结构力学@Ajie gou li xue@f文国治主编 |
| 210 | @a重庆@c重庆大学出版社@d2009.08 | |
| 215 | @a370页@c图@d28cm | |
| 225 | 2 | @a应用型本科院校土木工程专业系列教材@Aying yong xing ben ke yuan jiao tu mu gong cheng zhuan ye ji lie jiao cai |
| 320 | @a有书目 (第370页) | |
| 330 | @a本书共12章, 主要内容包括: 绪论、平面体系的几何组成分析、静定梁和静定刚架、三铰拱、静定平面桁架和组合结构、静定结构的位移计算、力法、位移法、力矩分配法与近似法、影响线、矩阵位移法、结构的动力计算。 | |
| 410 | 0 | @12001 @a应用型本科院校土木工程专业系列教材 |
| 606 | 0 | @a结构力学@Ajie gou li xue@x高等学校@j教材 |
| 690 | @aO342-43@v4 | |
| 690 | @aO342@v4 | |
| 701 | 0 | @a文国治@Awen guo zhi@4主编 |
| 801 | 0 | @aCN@c20101201 |
| 901 | @a00 | |
| 905 | @b21011528-530@dO342-43@eW629 | |
| 结构力学/文国治主编.-重庆:重庆大学出版社,2009.08 |
| 370页:图;28cm.-(应用型本科院校土木工程专业系列教材) |
| ISBN 978-7-5624-4883-9:CNY36.00 |
| 本书共12章, 主要内容包括: 绪论、平面体系的几何组成分析、静定梁和静定刚架、三铰拱、静定平面桁架和组合结构、静定结构的位移计算、力法、位移法、力矩分配法与近似法、影响线、矩阵位移法、结构的动力计算。 |
| ● |
| 相关链接 |
|
|
|
正题名:结构力学
索取号:O342-43/W629
 
预约/预借
| 序号 | 登录号 | 条形码 | 馆藏地/架位号 | 状态 | 备注 |
| 1 | 919878 | 209198786 | 管理学院资料室/ [索取号:O342-43/W629] | 在馆 |